Prevención de desastres para docentes de segundo ciclo /
| Hlavní autor: | |
|---|---|
| Médium: | Kniha |
| Jazyk: | španělština |
| Vydáno: |
San José, Costa Rica. :
INIE,
2010
|
| Témata: |
MARC
| LEADER | 00000nam a2200000Ia 4500 | ||
|---|---|---|---|
| 008 | 171003b2010 cr ||||| |||| 00| | spa d | ||
| 999 | |c 1430 |d 1430 | ||
| 090 | |a 06.02.01 |b 1132 | ||
| 100 | 1 | |a Jiménez Araya, Carmen Enid |9 2735 | |
| 245 | 1 | 0 | |a Prevención de desastres para docentes de segundo ciclo / |c Carmen Enid Jiménez |
| 260 | |a San José, Costa Rica. : |b INIE, |c 2010 | ||
| 300 | |a 13 páginas | ||
| 500 | |a Informe proyecto de Acción Social ED-2753 | ||
| 650 | 1 | 4 | |a CAPACITACIÓN |9 729 |
| 650 | 1 | 4 | |a DOCENTES |9 331 |
| 942 | |i 002422 |h 06.02.01 1132 |2 z |c 04 | ||
